[Event "Box Hill op"]
[Site "Box Hill"]
[Date "2001.10.19"]
[Round "7.27"]
[White "Loizou, Loizos"]
[Black "Carey, Jamie"]
[Result "1/2-1/2"]
[WhiteElo "1288"]
[BlackElo "987"]
[PlyCount "110"]
[EventDate "2001.09.??"]
[EventType "swiss"]
[EventRounds "7"]
[EventCountry "AUS"]
[SourceTitle "EXT 2003"]
[Source "ChessBase"]
[SourceDate "2002.11.25"]
[SourceVersion "1"]
[SourceVersionDate "2002.11.25"]
[SourceQuality "1"]

1. d4 Nf6 2. c4 d5 3. e3 Bf5 4. Nc3 e6 5. Nf3 Nbd7 6. cxd5 exd5 7. Bd3 Bxd3 8. Qxd3 Bb4 9. Bd2 Bxc3 10. bxc3 c6 11. c4 Ne4 12. cxd5 Nxd2 13. Qxd2 cxd5 14. 0-0 0-0 15. Rac1 Rc8 16. Rc2 Qb6 17. Rb2 Qc6 18. Rfb1 b6 19. h3 Rc7 20. Ne1 Rfc8 21. Rc2 Qg6 22. Rbc1 Rxc2 23. Rxc2 Rxc2 24. Qxc2 Qxc2 25. Nxc2 a5 26. Kf1 Kf8 27. f3 Ke7 28. Ke2 f5 29. Kd3 b5 30. a3 Kd6 31. e4 g6 32. Ne3 dxe4+ 33. fxe4 fxe4+ 34. Kxe4 b4 35. Nc4+ Ke7 36. a4 Nf6+ 37. Kd3 Nd5 38. g3 Nc3 39. Nxa5 Nxa4 40. Nc6+ Kd6 41. Nxb4 Nb6 42. Ke4 Nc4 43. Nc2 Nb6 44. g4 h6 45. h4 Nd5 46. Ne3 Nf6+ 47. Kf4 Ke6 48. g5 hxg5+ 49. Kxg5 Kf7 50. Ng4 Ne4+ 51. Kh6 Nd6 52. Ne5+ Kf6 53. Nxg6 Nf5+ 54. Kh7 Nxd4 55. h5 Nf5 1/2-1/2

[Event "Box Hill op"]
[Site "Box Hill"]
[Date "2001.09.07"]
[Round "1.28"]
[White "Mihalopoulos, Jason"]
[Black "Loizou, Loizos"]
[Result "0-1"]
[WhiteElo "920"]
[BlackElo "1288"]
[PlyCount "32"]
[EventDate "2001.09.??"]
[EventType "swiss"]
[EventRounds "7"]
[EventCountry "AUS"]
[SourceTitle "EXT 2003"]
[Source "ChessBase"]
[SourceDate "2002.11.25"]
[SourceVersion "1"]
[SourceVersionDate "2002.11.25"]
[SourceQuality "1"]

1. d4 Nf6 2. Nc3 e5 3. dxe5 Ng4 4. Nf3 Nc6 5. e4 Ngxe5 6. Be3 Bb4 7. Be2 Qf6 8. Bd2 Bxc3 9. Bxc3 d6 10. 0-0 Qg6 11. Qd5 Be6 12. Qb5 0-0-0 13. Nxe5 dxe5 14. Bxe5 Qxe4 15. Bxg7 Rhg8 16. Bf6 Qxg2# 0-1